Normal view
MARC view
Entry Personal Name
001 - CONTROL NUMBER
- control field: 780757
003 - CONTROL NUMBER IDENTIFIER
- control field: OSt
005 - DATE AND TIME OF LATEST TRANSACTION
- control field: 20250508165412.0
008 - FIXED-LENGTH DATA ELEMENTS
- fixed length control field: 250508|| aca||aabn | a|a d
040 ## - CATALOGING SOURCE
- Original cataloging agency: OSt
- Transcribing agency: OSt
100 ## - HEADING--PERSONAL NAME
- Personal name: Chauhan Anurag
670 ## - SOURCE DATA FOUND
- Source citation: Work cat.: (OSt)1394917: Chauhan Anurag, Ek vishishtth vidyalaya se shiksha prapt drestibaddhit chhatraon ki uchch shiksha mein chunoutiyon tatha unke muddon ka vyaktivert adhyayan, 2014
